Estadísticas para Resultados de la Copa Mundial de Fútbol de 1986

Haz click aquí para tomar la prueba!

Estadísticas generales

  • Esta prueba ha sido tomada 19 veces
  • La puntuación promedio es 18 de 24

Estadísticas de respuestas

Nation % Correcto
Uruguay
100%
Argentina
100%
Bélgica
100%
España
94%
Paraguay
94%
Mexico
94%
Inglaterra
94%
Alemania Occidental
94%
Italia
88%
Francia
88%
Brasil
88%
Corea del Sur
81%
Portugal
81%
Unión Soviética
81%
Polonia
75%
Bulgaria
69%
Dinamarca
56%
Hungría
56%
Escocia
44%
Canadá
44%
Irlanda del Norte
44%
Marruecos
44%
Argelia
38%
Irak
38%

Distribución de puntuación

Porcentaje por número respondido

Porcentaje de gente con cada puntuación

Historial de tus puntuaciones

No has tomado esta prueba